000 00899 a2200169 4500
003 NUST
005 20230209122304.0
040 _cNust
082 _a954.91,KHA
100 _aKhan, Sultan
_9108772
245 _aPakistan past present and future /
_cSultan Khan
260 _aLahore
_bFamous book pvt limited
_c1995
300 _a415 p.;
505 _aEvolution and Growth of Muslim Society in Sub Continent (Page-1)Muslim Rule in sub Continent (Page-29), Movements for Reform (Page-69), Ideology of Pakistan-1 (Page-113), Ideology of Pakistan II (Page-145), Pakistan Movement I (Page-169), Pakistan Movement II (Page-215), Constitutional Development in Pakistan (Page-311), Political Development in Pakistan, Islamization in Pakistan (Page-359), Land and People of Pakistan (Page-389), Bibliography (Page-417).
650 _aPakistan past present and future
_9108773
942 _2ddc
_cBK
_k954.91,KHA
999 _c186743
_d186743